00287nam a2200121Ia 4500008004100000041000900041082001700050100001800067245002700085260003700112300000800149650000800157230718s9999 xx 000 0 und d aEng. a34708bTHO-C aThomas, David 0aCriminal Affeal Refine aPakistanbSweet and Moudlec1996 a454 aLaw